| 000 | 00831nam a2200241Ia 4500 | ||
|---|---|---|---|
| 003 | OSt | ||
| 005 | 20220923215251.0 | ||
| 006 | a|||||r|||| 00| 0 | ||
| 007 | ta | ||
| 008 | 220922b |||||||| |||| 00| 0 hin d | ||
| 024 | _a177,235 | ||
| 037 | _cTextual | ||
| 040 |
_aARTS _cARTS _bhin |
||
| 041 |
_2hin _ahin |
||
| 082 | _aO152,1JK08w, M3 | ||
| 100 | _aनेमाडे़, भालचन्द्र | ||
| 245 | 0 | _aतुकराम, अनु चन्द्रकान्त पाटील | |
| 246 | _aTukarāma, anu0 chandrakānta pāṭīla | ||
| 260 |
_aनई दिल्ली _b साहित्य अकादेमी _c1983 |
||
| 300 |
_a72 पृ. _ccm. |
||
| 942 |
_hO152,1JK08w, M3 _cTEXL _2CC |
||
| 999 |
_c330623 _d330623 |
||